| 000 | 00669cam a22002533a 4500 | ||
|---|---|---|---|
| 001 | 10260 | ||
| 003 | PGUSA | ||
| 005 | 20140828083222.0 | ||
| 008 | 031101s2003||||xxu|||||s|||||000 | eng d | ||
| 040 |
_aPGUSA _beng |
||
| 042 | _adc | ||
| 050 | 4 | _aM | |
| 245 | 1 | 0 |
_aNarodowe Melodye : _bPolka _h[electronic resource] |
| 260 |
_bProject Gutenberg, _c2003 |
||
| 500 | _aRecorded on July 24, 1922. | ||
| 506 | _aPublic domain in the USA. | ||
| 516 | _aElectronic text | ||
| 653 | _aPolkas | ||
| 653 | _aAccordion music | ||
| 700 | 1 | _aIwanowski, Aleksander | |
| 830 | 0 |
_aProject Gutenberg _v10260 |
|
| 856 | 4 | 0 | _uhttp://www.gutenberg.org/ebooks/10260 |
| 942 | _cEB | ||
| 999 |
_c239515 _d239515 |
||